That Boston man [Large Print] / Janet Dailey.
Available copies
- 0 of 1 copy available at LARL/NWRL Consortium.
Current holds
0 current holds with 1 total copy.
Show Only Available Copies
| Location | Call Number / Copy Notes | Barcode | Shelving Location | Status | Due Date |
|---|---|---|---|---|---|
| Roseau Public Library | lp DAI (Text) | 35500003250477 | Main | Checked out | 07/15/2026 |
Record details
- ISBN: 0783891229 (lg. print : hc : alk. paper)
- Physical Description: 216 p. (large print) ; 24 cm.
- Publisher: Thorndike, Me. : G.K. Hall, 2000.
Search for related items by subject
| Subject: | Women journalists > Fiction. Boston (Mass.) > Fiction. |
| Genre: | Large type books. Love stories. |
| LDR | 00954cam a2200289Ia 4500 | ||
|---|---|---|---|
| 001 | 32309 | ||
| 003 | LARL_NWRL_CONSORTIUM | ||
| 005 | 20001130135805.0 | ||
| 008 | 000504r20001979meu d 000 1 eng | ||
| 010 | . | ‡a00033491 | |
| 020 | . | ‡a0783891229 (lg. print : hc : alk. paper) | |
| 035 | . | ‡a(OCoLC)44132902 | |
| 040 | . | ‡aDLC ‡cDLC ‡dOCJ ‡dLAL | |
| 043 | . | ‡an-us-ma | |
| 082 | 0 | 0. | ‡a813/.54 ‡221 |
| 099 | . | ‡aDai | |
| 100 | 1 | . | ‡aDailey, Janet. ‡0(LARL_NWRL_CONSORTIUM)63205 |
| 245 | 1 | 0. | ‡aThat Boston man ‡h[Large Print] / ‡cJanet Dailey. |
| 260 | . | ‡aThorndike, Me. : ‡bG.K. Hall, ‡c2000. | |
| 300 | . | ‡a216 p. (large print) ; ‡c24 cm. | |
| 650 | 0. | ‡aWomen journalists ‡vFiction. ‡0(LARL_NWRL_CONSORTIUM)167907 | |
| 651 | 0. | ‡aBoston (Mass.) ‡vFiction. ‡0(LARL_NWRL_CONSORTIUM)163633 | |
| 655 | 0. | ‡aLarge type books. | |
| 655 | 7. | ‡aLove stories. ‡2gsafd | |
| 901 | . | ‡a32309 ‡bOCLC ‡c32309 ‡tbiblio | |

Add to basket
Permalink
Disable Highlighting